000 00930nam a2200253 i 4500
001 67172
003 ES-MaACL
005 20250806062536.0
007 t|
008 040510s2002 sp ||||0| spa d
017 _aM 18571-2002
040 _aM-BN
_bspa
_cM-BN
080 _a929 Sainz de Robles, Federico Carlos
100 1 _aAzorín, Francisco,
_d1915-
_924331
245 1 3 _aEl cronista Federico Carlos Sainz de Robles /
_cpor Francisco Azorín García.
260 _aMadrid :
_bAyuntamiento :
_bInstituto de Estudios Madrileños,
_c2002.
300 _a40 p. :
_bil. ;
_c21 cm.
490 1 _aCiclo de conferencias: Madrileños del siglo XX ;
_v16
600 1 4 _aSainz de Robles, Federico Carlos,
_d1898-1982
_9101593
710 2 _aInstituto de Estudios Madrileños
_94916
830 0 _aCiclo de conferencias: Madrileños del siglo XX ;
_v16
_9183127
852 _aES-MaACL
_j2174-F-28
_bR.133070
999 _c67172
_d67172